Регионална библиотека "Любен Каравелов" - Русе

Стивън Хокинг (Запис номер 8414)

MARC детайли
000 -Лидер
Контролно поле с фиксирана дължина 01279nam a2200361 c 4500
003 - Код на организацията, давaща контролен номер
Контролно поле BLK
005 - Дата и час на последна редакция
Контролно поле 20191017175954.0
008 - Елементи от данни с фиксирана дължина
fixed length control field 180412b bul|||||r ||||||| ||bul||
010 ## - Наследен системен номер
LC control number KNG00009759000
020 ## - Международен стандартен номер на книга ISBN
Международен стандартен номер на книга ISBN 954-580-010-0
-- издат.: Херон Прес
040 ## - Източник на каталожния запис
Идентификатор на билиотеката - собственик на записа BLK
041 ## - Код за език
Код за езика на текст/звукозапис или на отделно заглавие Български
Код за езика КДБФ Български
080 ## - УДК
Текстов определител УДК Физика
УДК код - определител по УДК 53
УДК определител (410)(092)
УДК - код + определител 53(410)(092)
080 ## - УДК
Текстов определител УДК
УДК код - определител по УДК 929 Хокинг, Стивън Уилям
УДК определител
УДК - код + определител 929 Хокинг, Стивън Уилям
100 1# - Редна дума - Автор
Автор Уайт, Майкъл
Авторска отговорност първи автор
R(LIN) 253484
139 ## - Редно поле
Редна дума Уайт, Майкъл
Авторски знак Уаит - У 14
245 10 - Сведения за заглавието
Заглавие Стивън Хокинг
Подзаглавни данни Живот в науката
Редно поле (дума) Майкъл Уайт.
257 ## - Страна на издаване
Страна на създаване/издаване Великобритания
260 ## - Област на издателските данни
-- София
Име на издателя, разпространителя и проч. Херон Прес
Година на издаване 1995
300 ## - Физическа характеристика
Страници 279 с.
Размери/Мащаб 22 см
380 ## - Жанр
Жанр Естествени науки. Математика
500 ## - Общи забележки
Забележка Ориг. загл. Stephen Hawking / Michael White, John Gribbin. - 2 000 тир.
600 14 - Име на лице, използвано като предмет
За него / За нея Хокинг, Стивън Уилям
9 (RLIN) 364189
650 #4 - Допълнително описание по предмет – тема
Основно описание – тема или топоним Учени, английски
9 (RLIN) 253485
650 #4 - Допълнително описание по предмет – тема
Основно описание – тема или топоним Физици, английски
9 (RLIN) 253486
651 #4 - Допълнително описание по предмет - топоним
Географско понятие Великобритания
9 (RLIN) 178698
653 ## - Ключова дума – ненормативна
Ключова дума физици
852 ## - Местоположение
Форматна сигнатура Цб 184744
856 4# - Електронен адрес и достъп
Електронен формат pdf - файл
Път до файла /url/
856 4# - Електронен адрес и достъп
Електронен формат pdf - файл
Път до файла /url/
942 ## - АРТИКУЛИ
Вид на библиотечния материал Книги
Скрит в OPAC Не
Koha issues (borrowed), all copies 3
944 ## - СЪЗДАВАНЕ И РЕДАКЦИЯ на ЗАПИСА
Създаване/Редакция Създаване
Дата на регистрацията/редакция 18.03.2003
Служител, извършил регистрацията/редакцията Симона_Петрова
944 ## - СЪЗДАВАНЕ И РЕДАКЦИЯ на ЗАПИСА
Създаване/Редакция Редакция
Дата на регистрацията/редакция 06.08.2014
Служител, извършил регистрацията/редакцията
999 ## - СИСТЕМНИ КОНТРОЛНИ НОМЕРА
Koha biblionumber 8414
Koha biblioitemnumber 8414
Наличности
Код за отписване Код за изгубен артикул Източник на класификационната схема Код за повреда Коз за рестрикции Код за отдаване Артикулен № Име на библиотеката - собственик Име на библиотеката, в която се намира в момента Статус (Текущо местоположение) Дата на вписване в системата Местоположение - отдел Цена в лева Инвентарен номер Систематично азбучна сигнатура Баркод Номер на екземпляра Цена в евро Служебна бележка Служебен тип на артикула
Изтеглен Не е изгубен Universal Decimal Classification Не е повреден без рестрикции заемане за дома 14576 Регионална библиотека "Любен Каравелов" Русе Регионална библиотека "Любен Каравелов" Русе Заемна - подръчен фонд 2001-01-01 Заемна - подръчен фонд 220.00 615024 53(092)/Х 59 С 615024 1 112.48 Дата инв: 02.02.2018 Бележки инв: П2018 Книги
Изтеглен Не е изгубен Universal Decimal Classification Не е повреден без рестрикции заемане за дома 14577 Регионална библиотека "Любен Каравелов" Русе Регионална библиотека "Любен Каравелов" Русе Заемна - подръчен фонд 2001-01-01 Заемна - подръчен фонд 220.00 615025 53(092)/Х 59 С 615025 2 112.48 Дата инв: 14.02.2018 Бележки инв: П2018 Книги
  Не е изгубен Universal Decimal Classification Не е повреден без рестрикции ползва се в читалня 14578 Регионална библиотека "Любен Каравелов" Русе Регионална библиотека "Любен Каравелов" Русе Хранилище 1995-01-01 Хранилище 1.98 618374 Цб 184744 120000618374 3 1.01 Дост: Dp Вид: Д N: стар фонд Дата: 01.01.1995 Дата инв: 20.08.2014 Бележки инв: Цб2014 Книги
Vip Innovations Ltd, Rousse, Bulgaria 2025